000165928 001__ 165928 000165928 005__ 20260116002211.0 000165928 0247_ $$2doi$$a10.18566/infpsic.v23n1a09 000165928 0248_ $$2sideral$$a146244 000165928 037__ $$aART-2023-146244 000165928 041__ $$aspa 000165928 100__ $$0(orcid)0000-0001-5664-6167$$aArrigoni, Flavia 000165928 245__ $$aRugby inclusivo. Experiencia de Los Dinos (Argentina) 000165928 260__ $$c2023 000165928 5060_ $$aAccess copy available to the general public$$fUnrestricted 000165928 5203_ $$aEl objetivo del presente estudio es analizar y establecer la relación entre la experiencia de participación de jugadores de rugby con discapacidad intelectual en el Mixed Ability Rugby San Juan (Argentina) y un estilo de vida saludable. Por medio de una investigación cualitativa con un diseño fenomenológico, se usó la técnica de grupo focal con la participación de diecisiete jugadores con discapacidad intelectual y con una edad promedio de 21 años de edad. Para el análisis de los datos se recurrió a la estrategia de la inspección analítica y se utilizó el software Atlas.Ti 6.2. Los resultados evidenciaron que las relaciones interpersonales y la disciplina deportiva (valores, encuentros deportivos) fueron los temas prevalentes en el discurso de los jugadores. La tercera categoría más prevalente fue la de COVID-19, especialmente en lo significado como pérdida debido a la pandemia. Se concluye que la participación de los jóvenes en el equipo Los Dinos, como juego cooperativo con énfasis en lo social, favorece su inclusión social, impactando positivamente en el bienestar y la salud integral de los jugadores. 000165928 540__ $$9info:eu-repo/semantics/openAccess$$aby-nc-nd$$uhttps://creativecommons.org/licenses/by-nc-nd/4.0/deed.es 000165928 655_4 $$ainfo:eu-repo/semantics/article$$vinfo:eu-repo/semantics/publishedVersion 000165928 773__ $$g23, 1 (2023), 142-158$$pInf. psicol.$$tInformes psicológicos$$x2145-3535 000165928 8564_ $$s309662$$uhttps://zaguan.unizar.es/record/165928/files/texto_completo.pdf$$yVersión publicada 000165928 8564_ $$s1210162$$uhttps://zaguan.unizar.es/record/165928/files/texto_completo.jpg?subformat=icon$$xicon$$yVersión publicada 000165928 909CO $$ooai:zaguan.unizar.es:165928$$particulos$$pdriver 000165928 951__ $$a2026-01-15-21:56:47 000165928 980__ $$aARTICLE